000 00804nam a2200301Ia 4500
003 OSt
005 20221006144311.0
006 a|||||r|||| 00| 0
007 ta
008 221006b |||||||| |||| 00| 0 mal d
020 _c18.00
024 _a11,374
037 _cTextual
040 _aEASL
_cEASL
_bmal
041 _2mal
_amal
082 _aU8.41.N3, F2
100 _aMAUGHAM Somerset W
_9597651
245 0 _aOn a Chinese screen
260 _aLondon
_bWilliam Heinemann
_c1922
300 _a228p.
_ccm.
490 _v CEL
650 _a CEL
650 _a China - Mongol Chief
_9651475
650 _a China - Strory
_9651476
650 _aChina - Rising of the Curtain
_9651477
942 _hU8.41.N3, F2
_cTEXL
_2CC
999 _c1079460
_d1079460